Science Quiz

Random Science or Biology Quiz

Neuroscience: Chapters 4 & 5 Quiz Stats

 Plays Quiz not verified by Sporcle

Challenge
Share
Tweet
Embed
Score 0/33 Timer 20:00
0 Plays Today
Description Term % Correct
A procedure in which high-resolution images are constructed from the measurement of waves that H2 atoms emit when they are activated by radio-frequency waves in a magnetic fieldMRI
76.4%
Produces images representing increases in oxygen flow in the blood(BOLD signal) to active areas of the brainfMRI
73%
Monoamine, catecholamine, associated with drugsDopamine
71.9%
Amino acid neurotransmitter; most prevalent inhibitory nt. in CNSGABA
70.8%
A massive but momentary reversal of the membrane potential from about -70 mV to about +50 mVAction Potential
67.4%
Amino acid neurotransmitter; most prevalent excitatory nt. in CNSGlutamate
64%
Monoamine, indolamine, associated with mood regulation Serotonin
61.8%
Small-molecule neurotransmitter, synthesized by adding an acetyl group to a choline molecule by adAcetylcholine
61.8%
Provides functional brain images rather than structural brain images using 2-DGPET Scan
60.7%
Gaps between adjacent myelin segments that expose axon and allow ions to pass throughNodes of Ranvier
58.4%
Steady membrane potential of about -70 mV in a neuronResting Potential
57.3%
Packaging for neurotransmitter moleculesSynaptic Vesicles
56.2%
A computer-assisted x-ray procedure that can be used to visualize the brain and other internal structures of the living bodyCT Scan
43.8%
Specialized pores in the neural membrane, each type of which is specialized for the passage of particular ionsIon Channels
37.1%
Receptors that are associated with signal proteins and G-proteinsMetabotropic Receptors
37.1%
A brief period after the initiation of an action potential during which it is impossible to elicit a second oneAbsolute Refractory Period
36%
Monoamine, catecholamine, associated with stress responsesNorepinephrine
36%
Description Term % Correct
When postsynaptic potentials produced in rapid succession at the same synapse sum to form a greater EPSPTemporal Summation
34.8%
Receptors that are associated with ligand-activated ion channelsIonotropic Receptors
33.7%
Nodules of various shapes that are located on the surgace of many dendritesDendritic Spines
32.6%
Postsynaptic depolarizationsEPSPs
31.5%
Postsynaptic hyperpolarizationsIPSPs
30.3%
A method of neuronal integration of signals; local EPSPs that are produced simultaneously on different parts of the receptive membrane whose sum produces a greater EPSPSpatial Summation
30.3%
The process of neurotransmitter releaseExocytosis
30.3%
Ion channels that open or close in response to the changes in the level of the membrane potentialVoltage-Activated Ion Channels
29.2%
Narrow spaces between adjacent neurons that are bridged by fine tubular channelsGap Junctions
29.2%
The period during which it is possible for the neuron to fire again, but only by applying higher than normal levels of stimulationRelative Refractory Period
28.1%
Level of depolarization required to create an action potential, usually ~ -65 mVThreshold of Excitation
25.8%
Energy-consuming mechanisms int he cell membrane that continually exchange 3Na+ ions inside the neuron for 2K+ ions outside the neuronSodium-Potassium Pumps
21.3%
A gene inserted into cells to track which ones are activecFos
19.1%
Example of an endocannabinoid nt. Anandamide
10.1%
Uses infusion of a radio-opaque dye into a cerebral artery to visualize the cerebral circulatory system during x-day photographyCerebral Angiography
10.1%
When a coolant is pumped through an implanted cryoprobe, neurons near the tip are cooled until they stop firingCryogenic Blockade
7.9%

You're not logged in!

Compare scores with friends on all Sporcle quizzes.
OR
Log In

You Might Also Like...

Show Comments

Extras

Top Quizzes Today


Score Distribution

Your Account Isn't Verified!

In order to create a playlist on Sporcle, you need to verify the email address you used during registration. Go to your Sporcle Settings to finish the process.

Report this User

Report this user for behavior that violates our Community Guidelines.

Details: